| 000 | 00489nam a22001817a 4500 | ||
|---|---|---|---|
| 999 |
_c478414 _d478414 |
||
| 003 | NUST | ||
| 005 | 20180528100616.0 | ||
| 008 | 180528b ||||| |||| 00| 0 eng d | ||
| 020 | _a9789380108193 | ||
| 038 | _aSNS Library | ||
| 082 | _a515.9 | ||
| 100 |
_aDennis G. Zill _910571 |
||
| 245 |
_aA First Course in Complex Analysis _cDennis G. Zill |
||
| 250 | _a2nd Ed. | ||
| 260 |
_aNew Delhi _bJones and Bartlett Publishers _c2010 |
||
| 300 |
_axii,405 p. _bpb. |
||
| 942 |
_2ddc _cBK |
||